[Event "EU-ch Amateur Online Final 1700/2000"]
[Site "Tornelo INT"]
[Date "2021.04.25"]
[Round "8"]
[White "Anastasopoulos, Angelos"]
[Black "Fojt, Petr"]
[Result "1/2-1/2"]
[WhiteElo "1795"]
[BlackElo "1998"]
[PlyCount "90"]
[EventDate "2021.04.25"]
[EventType "swiss (rapid)"]
[EventRounds "9"]
[EventCountry "NET"]
[SourceTitle "EXT 2023"]
[Source "ChessBase"]
[SourceDate "2022.10.05"]
[SourceVersion "1"]
[SourceVersionDate "2022.10.05"]
[SourceQuality "1"]

1. d4 Nf6 2. c4 g6 3. Nc3 Bg7 4. e4 d6 5. Nf3 0-0 6. Be2 Nc6 7. 0-0 e5 8. d5 Ne7 9. Ne1 Ne8 10. f3 f5 11. g4 f4 12. h4 Bf6 13. Ng2 Kh8 14. Bd2 Ng8 15. Be1 h5 16. g5 Bxg5 17. hxg5 Qxg5 18. Bh4 Qh6 19. Bf2 g5 20. c5 Ngf6 21. cxd6 cxd6 22. Rc1 g4 23. Bh4 gxf3 24. Bxf3 Bg4 25. Qd3 Rd8 26. Nb5 Rd7 27. Rc8 Rg7 28. Rd8 Rfg8 29. Rf2 Bxf3 30. Qxf3 Ng4 31. Rxe8 Rxe8 32. Rd2 Reg8 33. Kh1 Ne3 34. Nxe3 fxe3 35. Re2 Rg1+ 36. Kh2 Rf8 37. Qxe3 Qxe3 38. Rxe3 Rg4 39. Be7 Rf2+ 40. Kh3 Rf1 41. Re2 Rh1+ 42. Rh2 Rhg1 43. Re2 Rh1+ 44. Rh2 Rhg1 45. Re2 Rh1+ 1/2-1/2

[Event "EU-ch Amateur Online Final 1700/2000"]
[Site "Tornelo INT"]
[Date "2021.04.25"]
[Round "5"]
[White "Anastasopoulos, Angelos"]
[Black "Madsman, Alp"]
[Result "0-1"]
[WhiteElo "1795"]
[BlackElo "1334"]
[PlyCount "102"]
[EventDate "2021.04.25"]
[EventType "swiss (rapid)"]
[EventRounds "9"]
[EventCountry "NET"]
[SourceTitle "EXT 2023"]
[Source "ChessBase"]
[SourceDate "2022.10.05"]
[SourceVersion "1"]
[SourceVersionDate "2022.10.05"]
[SourceQuality "1"]

1. d4 d5 2. c4 e6 3. Nc3 Nf6 4. Bg5 Be7 5. e3 0-0 6. Nf3 Nbd7 7. Rc1 a6 8. cxd5 exd5 9. Bd3 c6 10. 0-0 Re8 11. a3 Nf8 12. Ne5 g6 13. f4 Ne6 14. Bh4 Ng7 15. Bf2 Bf5 16. g4 Bxd3 17. Qxd3 Bd6 18. Bh4 Be7 19. Qe2 Ne4 20. Bxe7 Nxc3 21. Rxc3 Qxe7 22. g5 Nf5 23. Ng4 Nxd4 24. Qg2 Nb5 25. Rd3 Kh8 26. Nf6 Red8 27. e4 dxe4 28. Rh3 h5 29. Qe2 Kg7 30. f5 Nd4 31. Qxe4 Qxe4 32. Nxe4 Nxf5 33. Nf6 Rd2 34. Nxh5+ gxh5 35. Rxf5 Rxb2 36. Rhf3 Rf8 37. Rf6 Kg8 38. g6 Rd8 39. gxf7+ Kf8 40. Rg6 Rd1+ 41. Rf1 Rxf1+ 42. Kxf1 Rxh2 43. Rh6 Rb2 44. Rxh5 Kxf7 45. Rh7+ Ke6 46. Ke1 Kd5 47. Kd1 Rb6 48. Kc2 Kc4 49. Rh4+ Kb5 50. Kc3 a5 51. a4+ Ka6 0-1

[Event "GRE-chT Online Rapid op 1st"]
[Site "Tornelo INT"]
[Date "2021.02.21"]
[Round "6.22"]
[White "Liargovas, Dimitrios"]
[Black "Anastasopoulos, Angelos"]
[Result "1/2-1/2"]
[WhiteElo "1978"]
[BlackElo "1795"]
[PlyCount "60"]
[EventDate "2021.02.20"]
[EventType "team-swiss (rapid)"]
[EventRounds "9"]
[EventCountry "GRE"]
[SourceTitle "EXT 2023"]
[Source "ChessBase"]
[SourceDate "2022.10.05"]
[SourceVersion "1"]
[SourceVersionDate "2022.10.05"]
[SourceQuality "1"]

1. d4 d5 2. c4 dxc4 3. e3 e6 4. Bxc4 Nf6 5. Nf3 c5 6. 0-0 a6 7. a4 Nc6 8. Nc3 Be7 9. dxc5 Qxd1 10. Rxd1 Bxc5 11. Nd4 Bd7 12. h3 Ke7 13. b3 Rhd8 14. Bb2 Rac8 15. Nce2 Nb4 16. Ba3 Ne4 17. Bxb4 Bxb4 18. Rac1 Nd6 19. Bd3 Rxc1 20. Rxc1 Rc8 21. Rxc8 Bxc8 22. Kf1 g6 23. Nc2 Ba5 24. Ng3 Bd7 25. Ke2 Bc6 26. f3 e5 27. e4 Bd7 28. Nf1 Be6 29. b4 Bb6 30. Nfe3 f5 1/2-1/2

[Event "GRE-chT Online Rapid op 1st"]
[Site "Tornelo INT"]
[Date "2021.02.20"]
[Round "1.32"]
[White "Anastasopoulos, Angelos"]
[Black "Papadakis, Aggelos"]
[Result "1-0"]
[WhiteElo "1795"]
[BlackElo "1096"]
[PlyCount "67"]
[EventDate "2021.02.20"]
[EventType "team-swiss (rapid)"]
[EventRounds "9"]
[EventCountry "GRE"]
[SourceTitle "EXT 2023"]
[Source "ChessBase"]
[SourceDate "2022.10.05"]
[SourceVersion "1"]
[SourceVersionDate "2022.10.05"]
[SourceQuality "1"]

1. d4 d5 2. c4 e6 3. Nc3 Nf6 4. Bg5 Be7 5. e3 c6 6. Nf3 Nbd7 7. Rc1 0-0 8. Bd3 dxc4 9. Bxc4 b5 10. Bd3 a6 11. 0-0 Bb7 12. Bxf6 Nxf6 13. Ne4 Nxe4 14. Bxe4 Rc8 15. Ne5 Qd6 16. Nd3 Rfd8 17. Nc5 Qb8 18. f4 Bf6 19. Qf3 Rxd4 20. exd4 Bxd4+ 21. Kh1 Bxc5 22. Rxc5 Qd6 23. Rfc1 f5 24. Bxc6 Ba8 25. b4 Qd2 26. h3 Qxb4 27. Qc3 Qxf4 28. Bxa8 Rxa8 29. Re1 Qf2 30. Rce5 Re8 31. Qc6 Re7 32. Rxe6 Rxe6 33. Qxe6+ Kf8 34. Qe8# 1-0

[Event "GRE-ch Online Rapid op 1st"]
[Site "Tornelo INT"]
[Date "2021.02.06"]
[Round "3"]
[White "Kyriakidis, Orestis"]
[Black "Anastasopoulos, Angelos"]
[Result "1-0"]
[WhiteElo "1290"]
[BlackElo "1736"]
[PlyCount "63"]
[EventDate "2021.02.06"]
[EventType "swiss (rapid)"]
[EventRounds "8"]
[EventCountry "GRE"]
[SourceTitle "EXT 2023"]
[Source "ChessBase"]
[SourceDate "2022.10.05"]
[SourceVersion "1"]
[SourceVersionDate "2022.10.05"]
[SourceQuality "1"]

1. d4 d5 2. Nf3 Nf6 3. g3 e6 4. Bg2 b5 5. 0-0 Be7 6. b3 0-0 7. Bb2 Bb7 8. Nbd2 Nbd7 9. Ne5 c5 10. e3 a5 11. c4 bxc4 12. bxc4 Rb8 13. a4 Nb6 14. cxd5 Nbxd5 15. Rb1 Qc7 16. e4 Nb4 17. dxc5 Bxc5 18. Rc1 Qe7 19. Nb3 Bb6 20. Nc4 Bxe4 21. Bxf6 Qxf6 22. Bxe4 Rfd8 23. Qe2 Qg5 24. Rfd1 Nd5 25. Bxd5 exd5 26. Nxb6 Rxb6 27. Nxa5 d4 28. Nc6 d3 29. Qe4 d2 30. Nxd8 Qxd8 31. Rc2 Rd6 32. Rcxd2 1-0